000 00592nam a2200181Ia 4500
008 090124s9999 xx 000 0 und d
082 _b11072
_a2216
100 _aआफळे गोविंदस्वामी
245 _a आम्ही आहो बायका
250 _a1
260 _c1960
300 _a54
600 _aआफळे गोविंदस्वामी
630 _a आम्ही आहो बायका
700 _aआफळे गोविंदस्वामी
730 _a आम्ही आहो बायका
942 _cBOOK
999 _c125225
_d125225